00489nam a2200145Ia 4500008004100000020001800041082001400059100002900073245004700102260001500149500002900164942000700193952012800200999001500328260604s9999 xx 000 0 und d a9789356409798 a001.4 DUN aOscar abedi dunia935909 0aFacilitating Researchers in Insecure Zones bBloomsbury aResearch, Insecure Zones cBK 00104070aIIMVbIIMVcGENERALd2026-06-04g799.00l0o001.4 DUNp004367r2026-06-04 10:21:29v799.00w2026-06-04yBKBDUN c8749d8749